ភ្នំប្រុស ភ្នំស្រី / (Record no. 9041)

MARC details
000 -LEADER
fixed length control field 02456nam a22003017a 4500
001 - CONTROL NUMBER
control field 9041
003 - CONTROL NUMBER IDENTIFIER
control field FISKH
005 - DATE AND TIME OF LATEST TRANSACTION
control field 20251117115515.0
008 - FIXED-LENGTH DATA ELEMENTS--GENERAL INFORMATION
fixed length control field 251117b cb ||||| |||| 00| 0 eng d
020 ## - INTERNATIONAL STANDARD BOOK NUMBER
International Standard Book Number 9789995084875
040 ## - CATALOGING SOURCE
Original cataloging agency FISKH
Language of cataloging khr
Transcribing agency FISKH
Modifying agency FISKH
082 ## - DEWEY DECIMAL CLASSIFICATION NUMBER
Classification number 398.209596
100 ## - MAIN ENTRY--PERSONAL NAME
Personal name Sotheary , Kimsun
245 ## - TITLE STATEMENT
Title ភ្នំប្រុស ភ្នំស្រី /
Statement of responsibility, etc. រៀបរៀងដោយ អ្នកស្រី គឹមស៊ុន សុធារី ,​ ត្រួតពិនិត្យអក្ខរាវិរុទ្ធដោយ អ្នកនាង វ៉ាត ចរិយា​ , កញ្ញា វុិច វឌ្ឍនា និង កញ្ញា ហម លីមឆេង​
260 ## - PUBLICATION, DISTRIBUTION, ETC.
Place of publication, distribution, etc. ភ្នំពេញ :
Name of publisher, distributor, etc. Reading Books ,
Date of publication, distribution, etc. 2008.
300 ## - PHYSICAL DESCRIPTION
Extent 20 pages :
Other physical details color illustrations ;
Dimensions 25 cm .
490 ## - SERIES STATEMENT
Series statement ពិភពរឿងនិទាន
505 ## - FORMATTED CONTENTS NOTE
Formatted contents note J <br/>
520 ## - SUMMARY, ETC.
Summary, etc. កាលពីដើមឡើយ មនុស្សស្រី ជាអ្នកទៅដណ្តឹងប្រុស ។​ ដោយមានការខ្មាសអៀនមនុស្សស្រី ក៏ភ្នាល់គ្នាជាមួយមនុស្សប្រុសដោយពូនភ្នំ នរណាពូនចាញ់នឹងទៅដណ្តឹងគេ ។​ មនុស្សប្រុសចាញ់កលស្រី ទើបចាញ់ការភ្នាល់ចាញ់ ។​ ភ្នំប្រុសទាបជាងភ្នំស្រី ទើបមនុស្សប្រុសទៅដណ្តឹងស្រីរហូតដល់សព្វថ្ងៃ ។
520 ## - SUMMARY, ETC.
Summary, etc. Long ago, women were the ones who went to propose marriage to men. Because they felt shy, the women made a bet with the men to build mountains—whoever lost would be the one to go and propose. The men were outsmarted by the women and lost the bet. The men’s mountain became lower than the women’s mountain, and that is why, from that time until today, men are the ones who go to propose to women.
521 8# - TARGET AUDIENCE NOTE
Target audience note 500 <br/>
Source Lexile estimate <br/>
521 8# - TARGET AUDIENCE NOTE
Target audience note J <br/>
Source Raz-Plus <br/>
650 ## - SUBJECT ADDED ENTRY--TOPICAL TERM
Topical term or geographic name entry element ភ្នំប្រុស ភ្នំស្រី
Form subdivision រឿងព្រេងប្រជាប្រិយខ្មែរ
650 ## - SUBJECT ADDED ENTRY--TOPICAL TERM
Topical term or geographic name entry element Phnom Bros Phnom Srey
Form subdivision Khmer folktales
700 ## - ADDED ENTRY--PERSONAL NAME
Personal name San, Thai
Relator term Illustrator
942 ## - ADDED ENTRY ELEMENTS (KOHA)
Source of classification or shelving scheme Dewey Decimal Classification
Koha item type Khmer Books
Suppress in OPAC No
Holdings
Withdrawn status Lost status Source of classification or shelving scheme Damaged status Not for loan Collection Home library Current library Shelving location Date acquired Total Checkouts Full call number Barcode Date last seen Price effective from Koha item type
    Dewey Decimal Classification     Khmer-English Bilingual / ភាសាខ្មែរ-អង់គ្លេស Footprints International School Library Network Toul Tom Poung Campus Footprints International School Library Network Toul Tom Poung Campus TTP Primary Khmer Bookshelves 11/17/2025   SOT 398.209596 FIS04067 11/17/2025 11/17/2025 Khmer Books